000 00956nam a2200265 i 4500
001 bg
003 BPK
005 20200511123842.0
008 970612s1990 pl a f f |000 0 pol
015 _aPB 1991/7654
040 _aWA N
_cBPK
080 _a621.313
080 _a(075.8)
100 1 _aBajorek, Zygmunt
_eAutor
245 1 0 _aElektromechaniczne przetworniki energii /
_cZygmunt Bajorek, Jan Prokop.
260 _aRzeszów :
_bPolitechnika Rzeszowska im. Ignacego Łukasiewicza,
_c1990.
300 _a457, [1] s. :
_brys., wykr. ;
_c24 cm.
504 _aBibliogr. s. [458].
650 4 _aPrzetworniki
_xelektrotechnika.
655 4 _aPodręczniki akademickie
700 1 _aProkop, Jan
_c(nauki techniczne).
710 2 _aPolitechnika Rzeszowska im. Ignacego Łukasiewicza
_4pbl.
856 _uhttp://koha.tu.koszalin.pl/cgi-bin/koha/opac-detail.pl?biblionumber=4202
_yKatalog online BPK
942 _2UKD
_cKS
999 _c4202
_d4202